[Event "Blitz 2018"]
[Site "Saint-Petersburg"]
[Date "2018.12.30"]
[Round "15"]
[Board "78"]
[White "Anikonov Dmitry (RUS)"]
[Black "Lobanov Sergei (RUS)"]
[Result "0-1"]
[LiveChessVersion "1.4.8"]
[BlackElo "2434"]
[WhiteElo "2511"]

1. Nc3 {[%clk 0:03:03]} d5 {[%clk 0:03:02]} 2. d3 {[%clk 0:03:02]} e5
{[%clk 0:02:59]} 3. e4 {[%clk 0:03:02]} Nf6 {[%clk 0:02:58]} 4. Nf3
{[%clk 0:03:03]} Nc6 {[%clk 0:02:56]} 5. Bg5 {[%clk 0:02:43]} dxe4
{[%clk 0:02:57]} 6. dxe4 {[%clk 0:02:36]} Qxd1+ {[%clk 0:02:48]} 7. Rxd1
{[%clk 0:02:37]} Bb4 {[%clk 0:02:48]} 8. Bxf6 {[%clk 0:02:25]} gxf6
{[%clk 0:02:46]} 9. Bc4 {[%clk 0:02:14]} Be6 {[%clk 0:02:38]} 10. Bb3
{[%clk 0:02:15]} Bxc3+ {[%clk 0:02:30]} 11. bxc3 {[%clk 0:02:16]} Na5
{[%clk 0:02:31]} 12. Ke2 {[%clk 0:01:53]} Ke7 {[%clk 0:02:31]} 13. Rd3
{[%clk 0:01:21]} Rad8 {[%clk 0:01:53]} 14. Rhd1 {[%clk 0:01:22]} Rd6
{[%clk 0:01:43]} 15. Nh4 {[%clk 0:01:04]} Rhd8 {[%clk 0:01:41]} 16. Nf5+
{[%clk 0:01:01]} Bxf5 {[%clk 0:01:41]} 17. exf5 {[%clk 0:01:02]} Rg8
{[%clk 0:01:09]} 18. Bd5 {[%clk 0:00:51]} b6 {[%clk 0:00:30]} 19. h4
{[%clk 0:00:36]} Rg4 {[%clk 0:00:25]} 20. g3 {[%clk 0:00:37]} Ra4
{[%clk 0:00:24]} 21. Bb3 {[%clk 0:00:34]} Ra3 {[%clk 0:00:16]} 22. g4
{[%clk 0:00:24]} Nb7 {[%clk 0:00:15]} 23. g5 {[%clk 0:00:19]} Rxd3
{[%clk 0:00:11]} 24. Rxd3 {[%clk 0:00:17]} Nc5 {[%clk 0:00:12]} 25. gxf6+
{[%clk 0:00:07]} Kxf6 {[%clk 0:00:12]} 26. Rd8 {[%clk 0:00:08]} Nxb3
{[%clk 0:00:10]} 27. axb3 {[%clk 0:00:09]} Ra2 {[%clk 0:00:06]} 28. Kd2
{[%clk 0:00:10]} Kxf5 {[%clk 0:00:06]} 29. Rd7 {[%clk 0:00:11]} Ke6
{[%clk 0:00:06]} 30. Rxc7 {[%clk 0:00:12]} h5 {[%clk 0:00:06]} 31. Rc6+
{[%clk 0:00:13]} Kf5 {[%clk 0:00:07]} 32. Rc7 {[%clk 0:00:13]} f6
{[%clk 0:00:07]} 33. Rg7 {[%clk 0:00:14]} Ra1 {[%clk 0:00:08]} 34. c4
{[%clk 0:00:15]} Kf4 {[%clk 0:00:07]} 35. b4 {[%clk 0:00:16]} f5 {[%clk 0:00:05]}
36. c5 {[%clk 0:00:17]} bxc5 {[%clk 0:00:06]} 37. bxc5 {[%clk 0:00:19]} Ra5
{[%clk 0:00:08]} 38. c6 {[%clk 0:00:20]} Rc5 {[%clk 0:00:09]} 39. c7
{[%clk 0:00:21]} e4 {[%clk 0:00:10]} 40. c3 {[%clk 0:00:08]} a5 {[%clk 0:00:12]}
41. Kc2 a4 42. Kb2 {[%clk 0:00:10]} Rc4 {[%clk 0:00:15]} 43. Ka3 {[%clk 0:00:10]}
Kf3 {[%clk 0:00:15]} 44. Rg5 {[%clk 0:00:09]} f4 {[%clk 0:00:16]} 45. Rf5
{[%clk 0:00:05]} Rxc3+ {[%clk 0:00:16]} 46. Kxa4 {[%clk 0:00:07]} Rxc7
{[%clk 0:00:18]} 47. Kb4 {[%clk 0:00:08]} Rc2 {[%clk 0:00:16]} 48. Rxh5
{[%clk 0:00:08]} Rxf2 {[%clk 0:00:17]} 49. Rf5 {[%clk 0:00:09]} Rh2
{[%clk 0:00:18]} 50. h5 {[%clk 0:00:10]} Kg4 {[%clk 0:00:19]} 51. Re5
{[%clk 0:00:12]} e3 {[%clk 0:00:21]} 0-1

[Event "Blitz 2018"]
[Site "Saint-Petersburg"]
[Date "2018.12.30"]
[Round "15"]
[Board "79"]
[White "Gutenev Alexander (RUS)"]
[Black "Drygalov Andrey (RUS)"]
[Result "1/2-1/2"]
[LiveChessVersion "1.4.8"]
[BlackElo "2509"]
[WhiteElo "2419"]

1. d4 {[%clk 0:02:55]} Nf6 {[%clk 0:03:02]} 2. c4 {[%clk 0:02:56]} e6
{[%clk 0:03:03]} 3. Nf3 {[%clk 0:02:53]} d5 {[%clk 0:03:03]} 4. Nc3
{[%clk 0:02:52]} c6 {[%clk 0:03:03]} 5. e3 {[%clk 0:02:52]} Nbd7 {[%clk 0:03:03]}
6. Qc2 {[%clk 0:02:52]} Bd6 {[%clk 0:03:03]} 7. Bd3 {[%clk 0:02:52]} O-O
{[%clk 0:03:02]} 8. O-O {[%clk 0:02:52]} dxc4 {[%clk 0:03:03]} 9. Bxc4
{[%clk 0:02:53]} b5 {[%clk 0:03:04]} 10. Be2 {[%clk 0:02:54]} Bb7
{[%clk 0:03:04]} 11. e4 {[%clk 0:02:50]} e5 {[%clk 0:03:05]} 12. Rd1
{[%clk 0:02:48]} Qc7 {[%clk 0:03:04]} 13. Bg5 {[%clk 0:02:37]} exd4
{[%clk 0:03:01]} 1/2-1/2

[Event "Blitz 2018"]
[Site "Saint-Petersburg"]
[Date "2018.12.30"]
[Round "15"]
[Board "80"]
[White "Apryshko Gleb (RUS)"]
[Black "Eliseev Alexei (RUS)"]
[Result "1-0"]
[LiveChessVersion "1.4.8"]
[BlackElo "2486"]
[WhiteElo "2416"]

1. e4 {[%clk 0:02:42]} g6 {[%clk 0:03:03]} 2. d4 {[%clk 0:02:43]} c6
{[%clk 0:03:04]} 3. c4 {[%clk 0:02:43]} d5 {[%clk 0:03:05]} 4. exd5
{[%clk 0:02:43]} cxd5 {[%clk 0:03:06]} 5. Nc3 {[%clk 0:02:43]} Nf6
{[%clk 0:03:06]} 6. Qb3 {[%clk 0:02:41]} Bg7 {[%clk 0:03:03]} 7. cxd5
{[%clk 0:02:42]} O-O {[%clk 0:03:04]} 8. Nge2 {[%clk 0:02:27]} Nbd7
{[%clk 0:02:49]} 9. g3 {[%clk 0:02:26]} Ne8 {[%clk 0:02:07]} 10. Bg2
{[%clk 0:02:24]} Nd6 {[%clk 0:02:08]} 11. O-O {[%clk 0:02:25]} a6
{[%clk 0:02:09]} 12. a4 {[%clk 0:02:26]} b6 {[%clk 0:02:06]} 13. Na2
{[%clk 0:02:03]} a5 {[%clk 0:02:02]} 14. Nac3 {[%clk 0:01:53]} Ba6
{[%clk 0:02:03]} 15. Nb5 {[%clk 0:01:53]} Rc8 {[%clk 0:02:02]} 16. Bf4
{[%clk 0:01:49]} Nf6 {[%clk 0:01:43]} 17. Be5 {[%clk 0:01:29]} Qd7
{[%clk 0:01:39]} 18. Nec3 {[%clk 0:01:25]} Nc4 {[%clk 0:01:32]} 19. Rad1
{[%clk 0:01:06]} Rfd8 {[%clk 0:01:30]} 20. Rfe1 {[%clk 0:01:01]} Ne8
{[%clk 0:01:14]} 21. h4 {[%clk 0:00:33]} h6 {[%clk 0:00:58]} 22. Kh2
{[%clk 0:00:33]} g5 {[%clk 0:00:59]} 23. Bh3 {[%clk 0:00:26]} g4 {[%clk 0:01:00]}
24. Bf1 {[%clk 0:00:24]} Bxb5 {[%clk 0:00:56]} 25. axb5 {[%clk 0:00:15]} Ncd6
{[%clk 0:00:57]} 26. Bf4 {[%clk 0:00:06]} Nf5 {[%clk 0:00:57]} 27. Be5
{[%clk 0:00:07]} Ned6 {[%clk 0:00:50]} 28. Bg2 {[%clk 0:00:08]} Nc4
{[%clk 0:00:50]} 29. Re2 {[%clk 0:00:07]} Re8 {[%clk 0:00:49]} 30. Rde1
{[%clk 0:00:08]} h5 {[%clk 0:00:50]} 31. Rd1 {[%clk 0:00:08]} Bh6
{[%clk 0:00:44]} 32. Na4 {[%clk 0:00:08]} f6 {[%clk 0:00:44]} 33. d6
{[%clk 0:00:05]} fxe5 {[%clk 0:00:38]} 34. Nxb6 {[%clk 0:00:06]} Qxd6
{[%clk 0:00:37]} 35. Nxc8 {[%clk 0:00:04]} Rxc8 {[%clk 0:00:37]} 36. dxe5
{[%clk 0:00:05]} Qb4 {[%clk 0:00:32]} 37. Qxb4 {[%clk 0:00:03]} axb4 38. Bd5+
{[%clk 0:00:03]} Kg7 {[%clk 0:00:33]} 39. Be6 {[%clk 0:00:04]} Rc5
{[%clk 0:00:29]} 40. Bxf5 Nxe5 {[%clk 0:00:30]} 41. Be4 {[%clk 0:00:05]} Rxb5 42.
Rd5 Rxd5 {[%clk 0:00:30]} 43. Bxd5 {[%clk 0:00:08]} Kf6 {[%clk 0:00:31]} 44. Re4
{[%clk 0:00:07]} Nd3 {[%clk 0:00:32]} 45. b3 {[%clk 0:00:05]} e5 {[%clk 0:00:27]}
46. Kg2 {[%clk 0:00:06]} Bd2 {[%clk 0:00:26]} 47. Rc4 {[%clk 0:00:06]} Be1
{[%clk 0:00:25]} 48. Kf1 {[%clk 0:00:04]} Bc3 {[%clk 0:00:24]} 49. Rc6+
{[%clk 0:00:05]} Kg7 {[%clk 0:00:25]} 50. Be4 {[%clk 0:00:05]} Nc1
{[%clk 0:00:26]} 51. Bc2 {[%clk 0:00:05]} e4 {[%clk 0:00:25]} 52. Re6
{[%clk 0:00:05]} Nd3 {[%clk 0:00:26]} 53. Rxe4 {[%clk 0:00:06]} Nc5
{[%clk 0:00:25]} 54. Rc4 {[%clk 0:00:07]} Ne6 {[%clk 0:00:26]} 55. Bf5
{[%clk 0:00:05]} Nd4 {[%clk 0:00:27]} 56. Rc7+ {[%clk 0:00:05]} Kf6
{[%clk 0:00:28]} 57. Bd3 {[%clk 0:00:04]} Nxb3 {[%clk 0:00:30]} 58. Rc6+
{[%clk 0:00:04]} Ke5 {[%clk 0:00:31]} 59. Rh6 {[%clk 0:00:05]} Kd4
{[%clk 0:00:32]} 60. Bh7 {[%clk 0:00:05]} Nd2+ {[%clk 0:00:34]} 61. Ke2
{[%clk 0:00:06]} b3 {[%clk 0:00:34]} 62. Rxh5 {[%clk 0:00:07]} b2
{[%clk 0:00:35]} 63. Rb5 {[%clk 0:00:09]} Nc4 {[%clk 0:00:35]} 64. h5
{[%clk 0:00:09]} Nd6 65. Rb8 Nf7 {[%clk 0:00:33]} 66. Bb1 {[%clk 0:00:08]} Ke5
{[%clk 0:00:33]} 67. Kd3 {[%clk 0:00:08]} Be1 {[%clk 0:00:27]} 68. Re8+
{[%clk 0:00:10]} Kf6 {[%clk 0:00:00]} 69. Rxe1 1-0

[Event "Blitz 2018"]
[Site "Saint-Petersburg"]
[Date "2018.12.30"]
[Round "15"]
[Board "81"]
[White "Zablotsky Sergei (RUS)"]
[Black "Chen Qi B (CHN)"]
[Result "1/2-1/2"]
[LiveChessVersion "1.4.8"]
[BlackElo "2416"]
[WhiteElo "2459"]

1. Nf3 {[%clk 0:03:02]} Nf6 {[%clk 0:03:03]} 2. g3 {[%clk 0:03:03]} g6
{[%clk 0:03:04]} 3. Bg2 {[%clk 0:03:03]} Bg7 {[%clk 0:03:05]} 4. c4
{[%clk 0:03:03]} O-O {[%clk 0:03:05]} 5. Nc3 {[%clk 0:03:03]} d6 {[%clk 0:03:05]}
6. O-O {[%clk 0:03:01]} e5 {[%clk 0:03:05]} 7. d3 {[%clk 0:03:02]} Nc6
{[%clk 0:03:02]} 8. Rb1 {[%clk 0:03:01]} a5 {[%clk 0:03:03]} 9. a3
{[%clk 0:03:02]} h6 {[%clk 0:02:50]} 10. b4 {[%clk 0:03:01]} axb4
{[%clk 0:02:51]} 11. axb4 {[%clk 0:03:02]} Be6 {[%clk 0:02:50]} 12. b5
{[%clk 0:02:54]} Ne7 {[%clk 0:02:41]} 13. Bd2 {[%clk 0:02:47]} Qd7
{[%clk 0:02:40]} 14. c5 {[%clk 0:02:28]} Bh3 {[%clk 0:02:17]} 15. b6
{[%clk 0:02:19]} Bxg2 {[%clk 0:02:08]} 16. Kxg2 {[%clk 0:02:19]} dxc5
{[%clk 0:01:52]} 17. Nxe5 {[%clk 0:02:16]} Qd6 {[%clk 0:01:50]} 18. Nc4
{[%clk 0:02:07]} Qc6+ {[%clk 0:01:51]} 19. Kg1 {[%clk 0:01:56]} Ned5
{[%clk 0:01:46]} 20. Nxd5 {[%clk 0:01:11]} Nxd5 {[%clk 0:01:47]} 21. Qb3
{[%clk 0:01:12]} cxb6 {[%clk 0:01:06]} 22. Nxb6 {[%clk 0:00:33]} Nxb6
{[%clk 0:01:06]} 23. Qxb6 {[%clk 0:00:33]} Qxb6 {[%clk 0:01:02]} 24. Rxb6
{[%clk 0:00:34]} Ra2 {[%clk 0:01:03]} 25. Rd1 {[%clk 0:00:34]} c4
{[%clk 0:00:55]} 26. Rxb7 {[%clk 0:00:17]} Rd8 {[%clk 0:00:49]} 27. Be3
{[%clk 0:00:15]} Rxe2 {[%clk 0:00:42]} 28. d4 {[%clk 0:00:14]} c3
{[%clk 0:00:21]} 29. Rc7 {[%clk 0:00:15]} c2 {[%clk 0:00:18]} 30. Rc1
{[%clk 0:00:16]} Bxd4 {[%clk 0:00:17]} 31. Bxd4 {[%clk 0:00:17]} Rxd4
{[%clk 0:00:17]} 32. R7xc2 {[%clk 0:00:17]} Rxc2 {[%clk 0:00:15]} 1/2-1/2

[Event "Blitz 2018"]
[Site "Saint-Petersburg"]
[Date "2018.12.30"]
[Round "15"]
[Board "82"]
[White "Gaifullin Artur (RUS)"]
[Black "Belyakov Bogdan (RUS)"]
[Result "0-1"]
[LiveChessVersion "1.4.8"]
[BlackElo "2448"]
[WhiteElo "2231"]

1. d4 {[%clk 0:03:03]} Nf6 {[%clk 0:03:03]} 2. c4 {[%clk 0:03:04]} g6
{[%clk 0:03:04]} 3. Nc3 {[%clk 0:03:05]} Bg7 {[%clk 0:03:06]} 4. e4
{[%clk 0:03:06]} d6 {[%clk 0:03:07]} 5. Nge2 {[%clk 0:03:07]} O-O
{[%clk 0:03:04]} 6. Ng3 {[%clk 0:03:07]} c5 {[%clk 0:03:01]} 7. d5
{[%clk 0:03:08]} e6 {[%clk 0:03:01]} 8. Be2 {[%clk 0:03:09]} exd5
{[%clk 0:02:53]} 9. exd5 {[%clk 0:03:10]} a6 {[%clk 0:02:51]} 10. O-O
{[%clk 0:03:07]} Re8 {[%clk 0:02:51]} 11. Bf4 {[%clk 0:02:56]} h6
{[%clk 0:02:21]} 12. Qc1 {[%clk 0:02:26]} g5 {[%clk 0:02:21]} 13. Bd2
{[%clk 0:02:27]} Nbd7 {[%clk 0:01:50]} 14. f4 {[%clk 0:02:22]} g4
{[%clk 0:01:50]} 15. Nf5 {[%clk 0:02:13]} Bf8 {[%clk 0:01:50]} 16. Bxg4
{[%clk 0:02:08]} Nxg4 {[%clk 0:01:51]} 17. Rf3 {[%clk 0:01:51]} Ndf6
{[%clk 0:01:51]} 18. Ng3 {[%clk 0:01:52]} h5 {[%clk 0:01:31]} 19. h3
{[%clk 0:01:48]} h4 {[%clk 0:01:09]} 20. hxg4 {[%clk 0:01:08]} Bxg4
{[%clk 0:01:09]} 21. Nf1 {[%clk 0:00:45]} Bxf3 {[%clk 0:01:10]} 22. gxf3
{[%clk 0:00:46]} Qd7 {[%clk 0:01:10]} 23. Qc2 {[%clk 0:00:37]} Qh3
{[%clk 0:01:08]} 24. Kf2 {[%clk 0:00:33]} Bg7 {[%clk 0:01:05]} 25. Ne2
{[%clk 0:00:16]} Rxe2+ {[%clk 0:00:50]} 26. Kxe2 {[%clk 0:00:17]} Qg2+
{[%clk 0:00:51]} 27. Kd3 {[%clk 0:00:16]} Qxf3+ {[%clk 0:00:51]} 28. Be3
{[%clk 0:00:16]} b5 {[%clk 0:00:46]} 29. Qe2 {[%clk 0:00:11]} bxc4+
{[%clk 0:00:44]} 30. Kd2 {[%clk 0:00:11]} Qxd5+ {[%clk 0:00:41]} 31. Ke1
{[%clk 0:00:09]} Re8 {[%clk 0:00:42]} 32. Rd1 {[%clk 0:00:10]} Qe6
{[%clk 0:00:39]} 33. Qg2 {[%clk 0:00:05]} d5 {[%clk 0:00:38]} 34. Kf2
{[%clk 0:00:05]} d4 {[%clk 0:00:38]} 35. Re1 {[%clk 0:00:06]} dxe3+
{[%clk 0:00:35]} 36. Nxe3 {[%clk 0:00:07]} Ng4+ {[%clk 0:00:35]} 37. Qxg4
{[%clk 0:00:06]} Qxg4 {[%clk 0:00:28]} 38. Nxg4 {[%clk 0:00:07]} Rxe1
{[%clk 0:00:26]} 39. Kxe1 {[%clk 0:00:09]} Bxb2 {[%clk 0:00:26]} 40. Ne3
{[%clk 0:00:08]} Bc1 {[%clk 0:00:21]} 41. Nd5 {[%clk 0:00:09]} c3
{[%clk 0:00:17]} 42. Nxc3 {[%clk 0:00:05]} Bxf4 {[%clk 0:00:18]} 43. Ne4
{[%clk 0:00:06]} c4 {[%clk 0:00:18]} 44. Kf2 {[%clk 0:00:07]} h3 {[%clk 0:00:18]}
45. Kf3 {[%clk 0:00:08]} h2 {[%clk 0:00:18]} 46. Nf2 {[%clk 0:00:08]} c3
{[%clk 0:00:19]} 47. Kxf4 {[%clk 0:00:08]} c2 {[%clk 0:00:20]} 48. Nd3
{[%clk 0:00:08]} h1=Q {[%clk 0:00:21]} 0-1

[Event "Blitz 2018"]
[Site "Saint-Petersburg"]
[Date "2018.12.30"]
[Round "15"]
[Board "83"]
[White "Steinberg Nitzan (ISR)"]
[Black "Fakhrutdinov Timur (RUS)"]
[Result "1-0"]
[LiveChessVersion "1.4.8"]
[BlackElo "2357"]
[WhiteElo "2447"]

1. e4 {[%clk 0:03:03]} e5 {[%clk 0:03:04]} 2. Nf3 {[%clk 0:03:04]} Nc6
{[%clk 0:03:05]} 3. Bb5 {[%clk 0:03:05]} Nf6 {[%clk 0:03:06]} 4. O-O
{[%clk 0:03:06]} Nxe4 {[%clk 0:03:06]} 5. Re1 {[%clk 0:03:07]} Nd6
{[%clk 0:03:07]} 6. a4 {[%clk 0:03:08]} Be7 {[%clk 0:03:00]} 7. Nc3
{[%clk 0:03:09]} O-O {[%clk 0:02:49]} 8. d4 {[%clk 0:03:09]} Nxd4
{[%clk 0:02:22]} 9. Nxd4 {[%clk 0:03:09]} exd4 {[%clk 0:02:22]} 10. Nd5
{[%clk 0:03:10]} Re8 {[%clk 0:01:46]} 11. Bd3 {[%clk 0:02:17]} Bf8
{[%clk 0:01:32]} 12. Bxh7+ {[%clk 0:01:30]} Kxh7 {[%clk 0:01:07]} 13. Qh5+
{[%clk 0:01:31]} Kg8 {[%clk 0:01:02]} 14. Bg5 {[%clk 0:01:32]} f6
{[%clk 0:00:41]} 15. Bxf6 {[%clk 0:01:25]} gxf6 {[%clk 0:00:33]} 16. Qg6+
{[%clk 0:01:24]} Bg7 {[%clk 0:00:26]} 17. Rxe8+ {[%clk 0:01:14]} Nxe8
{[%clk 0:00:17]} 18. Re1 {[%clk 0:01:16]} Nd6 {[%clk 0:00:04]} 19. Ne7+
{[%clk 0:00:44]} Kf8 {[%clk 0:00:05]} 20. Qh7 {[%clk 0:00:43]} Qxe7
{[%clk 0:00:05]} 21. Rxe7 {[%clk 0:00:44]} Kxe7 {[%clk 0:00:06]} 22. Qxg7+
{[%clk 0:00:45]} Nf7 {[%clk 0:00:07]} 23. h4 {[%clk 0:00:39]} d6 {[%clk 0:00:06]}
24. g4 {[%clk 0:00:32]} Be6 {[%clk 0:00:06]} 25. g5 {[%clk 0:00:30]} fxg5
{[%clk 0:00:06]} 26. hxg5 {[%clk 0:00:31]} Rf8 {[%clk 0:00:03]} 27. g6
{[%clk 0:00:31]} c5 {[%clk 0:00:03]} 28. f4 {[%clk 0:00:27]} Ke8 {[%clk 0:00:03]}
29. Kf2 {[%clk 0:00:14]} Nd8 {[%clk 0:00:04]} 30. Kg3 {[%clk 0:00:14]} Rg8
{[%clk 0:00:05]} 31. Qh7 {[%clk 0:00:09]} Kf8 {[%clk 0:00:05]} 32. Kh4
{[%clk 0:00:07]} Rg7 {[%clk 0:00:05]} 33. Qh6 {[%clk 0:00:07]} Nc6
{[%clk 0:00:03]} 34. Kg5 {[%clk 0:00:07]} Ne7 {[%clk 0:00:04]} 35. Qh8+
{[%clk 0:00:03]} Ng8 {[%clk 0:00:03]} 36. f5 {[%clk 0:00:05]} Bxf5
{[%clk 0:00:03]} 37. Kxf5 {[%clk 0:00:06]} Re7 {[%clk 0:00:03]} 38. Qh4
{[%clk 0:00:05]} Re5+ {[%clk 0:00:04]} 39. Kf4 {[%clk 0:00:06]} Ne7
{[%clk 0:00:03]} 40. Qh8+ {[%clk 0:00:07]} Ng8 {[%clk 0:00:05]} 41. Qh7
{[%clk 0:00:07]} Re7 {[%clk 0:00:05]} 42. Qh5 {[%clk 0:00:06]} Nf6
{[%clk 0:00:05]} 43. Qh6+ {[%clk 0:00:06]} Kg8 {[%clk 0:00:05]} 44. Kf5
{[%clk 0:00:08]} Ne8 {[%clk 0:00:05]} 45. Kf4 {[%clk 0:00:07]} Rg7
{[%clk 0:00:04]} 46. Qg5 {[%clk 0:00:07]} Rd7 {[%clk 0:00:05]} 47. Qd5+
{[%clk 0:00:08]} Kg7 {[%clk 0:00:05]} 48. Qe6 {[%clk 0:00:08]} Nf6
{[%clk 0:00:05]} 49. Ke4 1-0

[Event "Blitz 2018"]
[Site "Saint-Petersburg"]
[Date "2018.12.30"]
[Round "15"]
[Board "84"]
[White "Shinkevich Vitaly (RUS)"]
[Black "Teterev Vitaly (BLR)"]
[Result "0-1"]
[LiveChessVersion "1.4.8"]
[BlackElo "2397"]
[WhiteElo "2445"]

1. d4 {[%clk 0:03:03]} Nf6 {[%clk 0:03:04]} 2. Nf3 {[%clk 0:03:03]} g6
{[%clk 0:03:05]} 3. c4 {[%clk 0:03:05]} Bg7 {[%clk 0:03:06]} 4. g3
{[%clk 0:03:06]} O-O {[%clk 0:03:07]} 5. Bg2 {[%clk 0:03:07]} d6 {[%clk 0:03:09]}
6. Nc3 {[%clk 0:03:08]} Nbd7 {[%clk 0:03:09]} 7. O-O {[%clk 0:03:08]} e5
{[%clk 0:03:11]} 8. e4 {[%clk 0:03:09]} exd4 {[%clk 0:03:04]} 9. Nxd4
{[%clk 0:03:10]} Re8 {[%clk 0:03:05]} 10. h3 {[%clk 0:03:10]} a6 {[%clk 0:03:06]}
11. Rb1 {[%clk 0:03:06]} Rb8 {[%clk 0:03:05]} 12. Re1 {[%clk 0:02:50]} Ne5
{[%clk 0:03:06]} 13. b3 {[%clk 0:02:50]} c5 {[%clk 0:03:07]} 14. Nc2
{[%clk 0:02:49]} Qc7 {[%clk 0:02:14]} 15. a4 {[%clk 0:02:45]} Bd7
{[%clk 0:02:13]} 16. Bg5 {[%clk 0:02:37]} Bc6 {[%clk 0:02:12]} 17. Qd2
{[%clk 0:02:34]} Re6 {[%clk 0:01:53]} 18. f4 {[%clk 0:02:15]} Ned7
{[%clk 0:01:54]} 19. Nd5 {[%clk 0:02:15]} Bxd5 {[%clk 0:01:49]} 20. cxd5
{[%clk 0:02:16]} Ree8 {[%clk 0:01:43]} 21. e5 {[%clk 0:01:32]} dxe5
{[%clk 0:01:44]} 22. d6 {[%clk 0:01:34]} Qd8 {[%clk 0:01:37]} 23. Na3
{[%clk 0:01:28]} e4 {[%clk 0:01:23]} 24. Nc4 {[%clk 0:01:10]} h6 {[%clk 0:01:15]}
25. Bh4 {[%clk 0:01:11]} b5 {[%clk 0:01:10]} 26. axb5 {[%clk 0:01:12]} axb5
{[%clk 0:01:12]} 27. Ne3 {[%clk 0:01:13]} Qb6 {[%clk 0:01:11]} 28. Kh2
{[%clk 0:01:10]} Ra8 {[%clk 0:01:07]} 29. Re2 {[%clk 0:01:02]} Ra6
{[%clk 0:01:07]} 30. Rd1 {[%clk 0:01:02]} Re6 {[%clk 0:01:08]} 31. Bxf6
{[%clk 0:00:31]} Bxf6 {[%clk 0:01:09]} 32. Nd5 {[%clk 0:00:30]} Qxd6
{[%clk 0:00:48]} 33. Qc2 {[%clk 0:00:26]} Qb8 {[%clk 0:00:45]} 34. Bxe4
{[%clk 0:00:24]} Bd4 {[%clk 0:00:34]} 35. f5 {[%clk 0:00:24]} Re5
{[%clk 0:00:30]} 36. fxg6 {[%clk 0:00:23]} fxg6 {[%clk 0:00:32]} 37. Bg2
{[%clk 0:00:20]} Rae6 {[%clk 0:00:21]} 38. Rxe5 {[%clk 0:00:14]} Nxe5
{[%clk 0:00:20]} 39. Rf1 {[%clk 0:00:14]} Kg7 {[%clk 0:00:20]} 40. b4
{[%clk 0:00:13]} c4 {[%clk 0:00:18]} 41. Qe4 {[%clk 0:00:13]} Bb2
{[%clk 0:00:11]} 42. Qe2 {[%clk 0:00:10]} Bd4 {[%clk 0:00:12]} 43. Qe4
{[%clk 0:00:11]} Qa7 {[%clk 0:00:13]} 44. Qf4 {[%clk 0:00:10]} Kh7
{[%clk 0:00:10]} 45. Qf8 {[%clk 0:00:09]} h5 {[%clk 0:00:10]} 46. Nf6+
{[%clk 0:00:09]} Rxf6 {[%clk 0:00:11]} 47. Rxf6 {[%clk 0:00:10]} Qa1
{[%clk 0:00:10]} 48. Qe7+ {[%clk 0:00:06]} Kh6 {[%clk 0:00:11]} 49. Qf8+
{[%clk 0:00:07]} Kh7 {[%clk 0:00:12]} 50. Qe7+ {[%clk 0:00:09]} Kh6 51. Rf1
{[%clk 0:00:06]} Qc3 {[%clk 0:00:09]} 52. Qf8+ {[%clk 0:00:06]} Kh7
{[%clk 0:00:10]} 53. Qe7+ {[%clk 0:00:07]} Kh6 {[%clk 0:00:12]} 54. Qf8+ Kh7 55.
Qe7+ {[%clk 0:00:03]} Kh6 {[%clk 0:00:14]} 56. Rf8 {[%clk 0:00:00]} 0-1

[Event "Blitz 2018"]
[Site "Saint-Petersburg"]
[Date "2018.12.30"]
[Round "15"]
[Board "85"]
[White "Dubrovin Robert (EST)"]
[Black "Borisenko Viacheslav (UKR)"]
[Result "1-0"]
[LiveChessVersion "1.4.8"]
[BlackElo "2444"]
[WhiteElo "2176"]

1. d4 {[%clk 0:03:03]} d5 {[%clk 0:03:03]} 2. c4 {[%clk 0:03:04]} dxc4
{[%clk 0:03:04]} 3. Nf3 {[%clk 0:03:05]} Nf6 4. e3 e6 {[%clk 0:03:07]} 5. Bxc4
{[%clk 0:03:08]} a6 {[%clk 0:03:08]} 6. a4 {[%clk 0:03:08]} c5 {[%clk 0:03:10]}
7. O-O {[%clk 0:03:08]} Nc6 {[%clk 0:03:10]} 8. Qe2 {[%clk 0:03:09]} cxd4
{[%clk 0:03:10]} 9. Rd1 {[%clk 0:03:10]} Be7 {[%clk 0:03:11]} 10. exd4
{[%clk 0:03:11]} Nb4 {[%clk 0:03:12]} 11. Nc3 {[%clk 0:03:12]} O-O
{[%clk 0:03:13]} 12. Bg5 {[%clk 0:03:14]} Bd7 {[%clk 0:03:14]} 13. Ne5
{[%clk 0:03:14]} Bc6 {[%clk 0:03:14]} 14. Rac1 {[%clk 0:02:50]} Bd5
{[%clk 0:02:56]} 15. Nxd5 {[%clk 0:02:41]} Nfxd5 {[%clk 0:02:47]} 16. Bd2
{[%clk 0:02:27]} Bg5 {[%clk 0:02:19]} 17. Bb3 {[%clk 0:02:07]} Bxd2
{[%clk 0:02:15]} 18. Qxd2 {[%clk 0:02:07]} Qe7 {[%clk 0:02:09]} 19. Rc5
{[%clk 0:01:56]} Rad8 {[%clk 0:02:05]} 20. Rdc1 {[%clk 0:01:46]} Qh4
{[%clk 0:02:02]} 21. Nf3 {[%clk 0:01:43]} Qg4 {[%clk 0:01:59]} 22. h3
{[%clk 0:01:38]} Qf4 {[%clk 0:01:37]} 23. Qe2 {[%clk 0:01:19]} g6
{[%clk 0:01:25]} 24. g3 {[%clk 0:01:20]} Qf6 {[%clk 0:01:24]} 25. Kg2
{[%clk 0:01:18]} Kg7 {[%clk 0:01:23]} 26. Ne5 {[%clk 0:01:18]} Qg5
{[%clk 0:01:19]} 27. Kh2 {[%clk 0:01:10]} h5 {[%clk 0:01:20]} 28. h4
{[%clk 0:01:12]} Qf6 {[%clk 0:01:19]} 29. Kg2 {[%clk 0:01:03]} Rd6
{[%clk 0:01:07]} 30. a5 {[%clk 0:01:04]} Rfd8 {[%clk 0:01:06]} 31. Nf3
{[%clk 0:00:53]} Nc6 {[%clk 0:00:41]} 32. Qe4 {[%clk 0:00:53]} Ncb4
{[%clk 0:00:33]} 33. Ne5 {[%clk 0:00:52]} Rf8 {[%clk 0:00:34]} 34. Rc8
{[%clk 0:00:48]} Rdd8 {[%clk 0:00:33]} 35. R8c5 {[%clk 0:00:48]} Rfe8
{[%clk 0:00:32]} 36. Ba4 {[%clk 0:00:46]} Rf8 {[%clk 0:00:30]} 37. Nd7
{[%clk 0:00:42]} Rxd7 {[%clk 0:00:26]} 38. Bxd7 {[%clk 0:00:43]} Qf5 39. Qxf5
{[%clk 0:00:41]} gxf5 {[%clk 0:00:26]} 40. Rc8 {[%clk 0:00:40]} Nd3
{[%clk 0:00:14]} 41. Rxf8 {[%clk 0:00:36]} Kxf8 {[%clk 0:00:15]} 42. Rc8+
{[%clk 0:00:23]} Ke7 {[%clk 0:00:16]} 43. Ba4 {[%clk 0:00:21]} Nxb2
{[%clk 0:00:17]} 44. Bb3 {[%clk 0:00:22]} Kd7 {[%clk 0:00:07]} 45. Rb8
{[%clk 0:00:21]} Kc7 {[%clk 0:00:05]} 46. Rf8 {[%clk 0:00:22]} Nb4
{[%clk 0:00:03]} 47. Rxf7+ {[%clk 0:00:22]} Kc6 {[%clk 0:00:03]} 48. Bxe6
{[%clk 0:00:22]} N2d3 {[%clk 0:00:00]} 1-0